000 00190nam a2200085 4500
001 1258557
005 20260312192239.0
245 _aBALONLA BEŞ HAFTA
_cJULES VERNE
260 _bKARATAY YAYINLARI
999 _c1258557
_d1258557